Número monográfico XVI aniversario de los mártires de la UCA
Сохранить в:
| Формат: | Текст |
|---|---|
| Опубликовано: |
San Salvador:
CIDAI
|
| Предметы: | |
| Метки: |
Добавить метку
Нет меток, Требуется 1-ая метка записи!
|
MARC
| LEADER | 00000 a a2200000 04500 | ||
|---|---|---|---|
| 001 | 46487 | ||
| 003 | |||
| 040 | |||
| 090 | |a REV0420 26 (1170)2005 | ||
| 245 | |a Número monográfico XVI aniversario de los mártires de la UCA | ||
| 260 | |a San Salvador: |b CIDAI | ||
| 650 | |a CRIMENES DE GUERRA | ||
| 650 | |a MILITARISMO | ||
| 650 | |a EL SALVADOR | ||
| 650 | |a REPRESION | ||
| 650 | |a FUERZAS ARMADAS | ||
| 773 | |g volumen26, número1170 ( noviebre 16, 2005) | ||
| 999 | |c 22099 |d 22099 | ||
